Major Non-NATO US Allies - Sudden Death - Statistics

General Stats
  • This quiz has been taken 96 times
  • The average score is 3 of 15
Answers on the Grid
Answers color-coded by a green-red scale on the quiz's grid according to % correct below.
Argentina
Saudi Arabia
Bahrain
Brazil
Colombia
Israel
Japan
Chile
Kenya
Kuwait
Morocco
New Zealand
Pakistan
Qatar
South Korea
Thailand
Tunisia
Mexico
India
Canada
Vietnam
France
Germany
Malaysia
Indonesia
China
Iraq
Austria
Ireland
Iceland
 
Answer Stats
Answer % Correct
Japan
58%
South Korea
56%
New Zealand
38%
Israel
29%
Qatar
21%
Bahrain
19%
Pakistan
19%
Argentina
17%
Colombia
15%
Morocco
15%
Brazil
13%
Thailand
13%
Kuwait
8%
Tunisia
8%
Kenya
6%
No matching quizzes found
Score Distribution
Percent of People with Each Score
Percentile by Number Answered
Your Score History
You have not taken this quiz